| 000 | 00883nam a22002531u 4500 | ||
|---|---|---|---|
| 001 | 06057 | ||
| 003 | HDC | ||
| 007 | cr bn --- | ||
| 008 | 210122p xx fo d 00 engg | ||
| 040 | _aHDC | ||
| 100 |
_aEngku Ahmad Kamel _96356 |
||
| 245 | 0 |
_aWorld Halal Conference KL 2014: _bISKANDAR MALAYSIA'S PROGRESS (2006-2014) / _cby Engku Ahmad Kamel |
|
| 260 |
_a[No place] : _b[publisher not identified], _c2014 |
||
| 300 |
_a25 pages : _bIllustrations |
||
| 336 |
_atext _2rdacontent |
||
| 337 |
_acomputer _2rdamedia |
||
| 338 |
_aonline resource _2rdacarrier |
||
| 650 |
_aHalal industry _9144 |
||
| 650 |
_aIskandar Malaysia _96357 |
||
| 856 | _zRequest full-text at [email protected] | ||
| 942 | _2lcc | ||
| 942 | _cSLIDE | ||
| 942 | _kSLID 000663 | ||
| 999 |
_c3381 _d3381 |
||